000 00496nam a2200169Ia 4500
005 20250508162446.0
008 008 250505s9999 xx 000 0 eng d
037 _aTextual
040 _aFEDL
_beng
_cFEDL
041 _aeng
_2eng
084 _a302.2, UNE
_qFEDL
245 0 _aMany voices one world
260 _aParis, France
_bUnited Nations Educational Scientific and Cultural Organization
_c1981
300 _a312p.
942 _cTEXL
_h302.2, UNE
999 _c1376676
_d1376676